000 00620nam a2200205 a 4500
008 960124s1965||||[C 0 slo c
040 _aSNK
_bslo
_cSNK
_eAACR2
041 1 _aslo
044 _axo
_cSK
080 _a92 Antoninoni, Michelangelo:778.5(45)(091)
100 1 _aLeprohon, Pierre
_4aut
245 1 0 _aMichelangelo Antonioni
_cPierre Leprohon ; Prel. Agneša Kalinová
250 _a1. vyd.
260 _aBratislava
_bSVKL
_c1965
_eMartin
_fTlač. SNP
300 _a227, [4] s.
_c
490 0 _aKnižnice estetického vzdelania
_vzv. 19
700 1 _aKalinová, Agneša
_4trl
020 _c16,50
958 _aA
999 _c14929
_d14929